LEADER 01109nam0 2200301 450 001 000019443 005 20061115033443.0 010 $a2-7073-1927-9 100 $a20061011d2005----km-y0itaa50------ba 101 0 $afre 102 $aFR 200 1 $aFuir$eRoman$fJean-Philippe Toussaint 200 1 $a1 $n0005517 210 $aParis$c<> editions de Minuit$dc2005 215 $a185 p.$d20 cm. 676 $a843$v(21. ed.)$9Narrativa francese 700 1$aToussaint ,$bJean Philippe$0439951 801 0$aIT$bUniversità della Basilicata - B.I.A.$gRICA$2unimarc 912 $a000019443 996 $aFuir$986853 997 $aUNIBAS BAS $aLETTERE CAT $aSTD049$b01$c20061011$lBAS01$h1411 CAT $aMDL$b30$c20061115$lBAS01$h0334 CAT $aBATCH$b00$c20070503$lBAS01$h1734 FMT Z30 -1$lBAS01$LBAS01$mBOOK$1BASA1$APolo Storico-Umanistico$2DID$BDidattica$3FP/104719$6104719$5L104719$820061016$b1$f04$FPrestabile Didattica Z30 -1$lBAS01$LBAS01$mBOOK$1BASA1$APolo Storico-Umanistico$2FBG$BFondo Belga$3FBel/104710$6104710$5L104710$820061011$b1$f04$FPrestabile Didattica LEADER 02508nam 2200601 a 450 001 9910457131503321 005 20200520144314.0 010 $a1-281-28417-3 010 $a9786611284176 010 $a1-905832-43-5 035 $a(CKB)2430000000009943 035 $a(EBL)744429 035 $a(OCoLC)773257379 035 $a(SSID)ssj0000508836 035 $a(PQKBManifestationID)11329229 035 $a(PQKBTitleCode)TC0000508836 035 $a(PQKBWorkID)10555648 035 $a(PQKB)11136639 035 $a(MiAaPQ)EBC744429 035 $a(Au-PeEL)EBL744429 035 $a(CaPaEBR)ebr10480456 035 $a(CaONFJC)MIL128417 035 $a(EXLCZ)992430000000009943 100 $a20110713d2008 uy 0 101 0 $aeng 135 $aur|n|---||||| 181 $ctxt 182 $cc 183 $acr 200 10$aFast facts$b[electronic resource] $elymphoma /$fChris Hatton, Graham Collins, John Sweetenham 210 $aAbingdon, Oxford $cHealth Press Ltd.$d2008 215 $a1 online resource (148 p.) 225 1 $aFast facts 300 $aDescription based upon print version of record. 311 $a1-903734-99-1 320 $aIncludes bibliographical references and index. 327 $aFast Facts: Lymphoma; Cover; Contents; Glossary of abbreviations; Chemotherapy regimens; Introduction; Chapter 1: Epidemiology; Chapter 2: Cellular and molecular aspects; Chapter 3: Diagnostic laboratory techniques; Chapter 4: General approach to management; Chapter 5: Aggressive B-cell lymphomas; Chapter 6: Indolent B-cell lymphomas; Chapter 7: T-cell and natural-killer cell lymphomas; Chapter 8: Immunocompromised and HIV-positive patients; Chapter 9: Hodgkin lymphoma; Chapter 10: Treatment modalities; Chapter 11: Supportive care; Appendix: classification of lymphoma; Useful resources; Index 330 $aFast Facts: Lymphoma is a valuable handbook for training doctors and specialist nurses working in the field of hemato-oncology, and will be of interest to the inquiring patient or carer who wishes to know more about lymphoma. 410 0$aFast facts. 606 $aLymphomas 608 $aElectronic books. 615 0$aLymphomas. 676 $a616.99446 700 $aHatton$b Chris$0917749 701 $aCollins$b Graham$0368897 701 $aSweetenham$b John$0948978 801 0$bMiAaPQ 801 1$bMiAaPQ 801 2$bMiAaPQ 906 $aBOOK 912 $a9910457131503321 996 $aFast facts$92145081 997 $aUNINA